000 00396 a2200169 4500
001 191599
020 _a978-85-349-3834-1
040 _cMagnum
100 _aWigand, Molly
240 1 0 _aComo ser amigo: um livro sobre amizade
_lpor
245 1 0 _aComo ser amigo: um livro sobre amizade
300 _a29
362 0 _a2014
440 1 _aPaulus
697 _aLITERATURA INFANTIL
942 _cBK
999 _c191599
_d191599